[Event "Leicester H E Atkins Mem"]
[Site "Leicester"]
[Date "2010.10.03"]
[Round "5"]
[White "Alderson, John K A"]
[Black "Messam-Sparks, Lateefah"]
[Result "1/2-1/2"]
[WhiteElo "1882"]
[BlackElo "1928"]
[PlyCount "47"]
[EventDate "2010.10.01"]
[EventType "swiss"]
[EventRounds "5"]
[EventCountry "ENG"]
[SourceTitle "BritBase"]
[Source "John Saunders"]
[SourceDate "2016.01.15"]
[SourceVersion "1"]
[SourceVersionDate "2016.01.15"]
[SourceQuality "1"]

1. c4 c5 2. g3 g6 3. Bg2 Bg7 4. Nc3 Nc6 5. e3 d6 6. Nge2 Nf6 7. O-O O-O 8. d4
cxd4 9. Nxd4 Bd7 10. b3 Qc8 11. Bb2 Bh3 12. Qe2 Bxg2 13. Kxg2 Re8 14. Rad1 a6
15. Nd5 Nxd5 16. cxd5 Nxd4 17. Bxd4 Bxd4 18. Rxd4 Qc5 19. b4 Qb5 20. Qd2 Rac8
21. Rc1 Qd7 22. Rdc4 Rxc4 23. Rxc4 Rc8 24. Qc2 1/2-1/2

[Event "Leicester H E Atkins Mem"]
[Site "Leicester"]
[Date "2010.10.03"]
[Round "5"]
[White "Atako, Chino"]
[Black "Sanders, Isaac B"]
[Result "1-0"]
[WhiteElo "2041"]
[BlackElo "1989"]
[PlyCount "69"]
[EventDate "2010.10.01"]
[EventType "swiss"]
[EventRounds "5"]
[EventCountry "ENG"]
[SourceTitle "BritBase"]
[Source "John Saunders"]
[SourceDate "2016.01.15"]
[SourceVersion "1"]
[SourceVersionDate "2016.01.15"]
[SourceQuality "1"]

1. e4 c5 2. Nf3 d6 3. d4 cxd4 4. Nxd4 Nf6 5. Nc3 a6 6. h3 g6 7. g4 Bg7 8. Bg2
O-O 9. Be3 Qc7 10. O-O Be6 11. Nd5 Bxd5 12. exd5 Nfd7 13. Qd2 Rc8 14. c4 Nc5
15. f4 Nbd7 16. Rae1 Rab8 17. Bf2 Re8 18. Qd1 Qa5 19. f5 Ne5 20. fxg6 hxg6 21.
Nb3 Nxb3 22. axb3 Qb4 23. Re4 f5 24. gxf5 gxf5 25. Rf4 Rf8 26. Bd4 b5 27. cxb5
Ng6 28. Bxg7 Nxf4 29. Bxf8 Rxf8 30. bxa6 Qb6+ 31. Kh2 Nxg2 32. Rg1 Rf7 33.
Rxg2+ Rg7 34. Rxg7+ Kxg7 35. Qg1+ 1-0

[Event "Leicester H E Atkins Mem"]
[Site "Leicester"]
[Date "2010.10.03"]
[Round "5"]
[White "Baruch, Andrew J D"]
[Black "Xaxiris, E."]
[Result "1/2-1/2"]
[WhiteElo "2113"]
[BlackElo "2090"]
[PlyCount "61"]
[EventDate "2010.10.01"]
[EventType "swiss"]
[EventRounds "5"]
[EventCountry "ENG"]
[SourceTitle "BritBase"]
[Source "John Saunders"]
[SourceDate "2016.01.15"]
[SourceVersion "1"]
[SourceVersionDate "2016.01.15"]
[SourceQuality "1"]

1. g3 f5 2. Bg2 Nf6 3. d3 d6 4. e4 Nc6 5. Ne2 e5 6. c4 Be7 7. Nbc3 O-O 8. O-O
Be6 9. Nd5 Qd7 10. f3 Rf7 11. Be3 h6 12. Rc1 Raf8 13. exf5 Bxf5 14. d4 Bh3 15.
Nxf6+ Rxf6 16. d5 Nd8 17. Nc3 Bxg2 18. Kxg2 h5 19. h4 b6 20. Qd3 Nb7 21. Ne4
R6f7 22. b4 a5 23. a3 Qf5 24. Qc3 Qg6 25. Bg5 Bxg5 26. Nxg5 Re7 27. Rfe1 axb4
28. axb4 Nd8 29. Qc2 Qxc2+ 30. Rxc2 Nf7 31. Ra2 1/2-1/2

[Event "Leicester H E Atkins Mem"]
[Site "Leicester"]
[Date "2010.10.03"]
[Round "5"]
[White "Broughton, Daniel"]
[Black "David, Ivan"]
[Result "0-1"]
[WhiteElo "1914"]
[BlackElo "1970"]
[PlyCount "96"]
[EventDate "2010.10.01"]
[EventType "swiss"]
[EventRounds "5"]
[EventCountry "ENG"]
[SourceTitle "BritBase"]
[Source "John Saunders"]
[SourceDate "2016.01.15"]
[SourceVersion "1"]
[SourceVersionDate "2016.01.15"]
[SourceQuality "1"]

1. d4 Nf6 2. c4 c5 3. d5 b5 4. cxb5 a6 5. b6 g6 6. Nc3 Qxb6 7. Nf3 Bg7 8. e4 d6
9. Nd2 O-O 10. Nc4 Qc7 11. Be2 Nbd7 12. O-O Nb6 13. h3 Nxc4 14. Bxc4 Nd7 15. f4
Nb6 16. Be2 Bd4+ 17. Kh2 Rb8 18. g4 e6 19. Bf3 exd5 20. exd5 f5 21. Qd3 Qf7 22.
Be3 Bg7 23. Rad1 c4 24. Qc2 Qc7 25. Qd2 Nd7 26. gxf5 Rxf5 27. Bg4 Rf8 28. Be6+
Kh8 29. Bd4 Nf6 30. f5 gxf5 31. Bxf5 Bxf5 32. Rxf5 Ng8 33. Rxf8 Rxf8 34. Rg1
Nf6 35. Rxg7 Qxg7 36. Ne4 Kg8 37. Nxf6+ Rxf6 38. Qe2 Qf7 39. Bxf6 Qxf6 40. Qe8+
Kg7 41. Qd7+ Kh6 42. Qb7 Qf2+ 43. Kh1 Qg3 44. Qd7 Qe1+ 45. Kg2 Qe2+ 46. Kg3
Qe3+ 47. Kg4 Qg5+ 48. Kf3 Qxd5+ 0-1

[Event "Leicester H E Atkins Mem"]
[Site "Leicester"]
[Date "2010.10.03"]
[Round "5"]
[White "Burke, Steven J"]
[Black "Byron, Alan M"]
[Result "0-1"]
[WhiteElo "1970"]
[BlackElo "2190"]
[PlyCount "70"]
[EventDate "2010.10.01"]
[EventType "swiss"]
[EventRounds "5"]
[EventCountry "ENG"]
[SourceTitle "BritBase"]
[Source "John Saunders"]
[SourceDate "2016.01.15"]
[SourceVersion "1"]
[SourceVersionDate "2016.01.15"]
[SourceQuality "1"]

1. f4 d5 2. Nf3 c5 3. g3 Nc6 4. Bg2 g6 5. d3 Bg7 6. O-O Nf6 7. c3 O-O 8. Na3 b6
9. Qe1 Bb7 10. Nh4 d4 11. c4 e6 12. Nc2 a5 13. b3 Qd7 14. a3 Ng4 15. Rb1 f5 16.
h3 Nf6 17. Bf3 e5 18. fxe5 Nxe5 19. Bxb7 Qxb7 20. Bd2 Rae8 21. Qf2 Nh5 22. Qg2
Qe7 23. Rbe1 Kh8 24. Nf3 Qc7 25. Bf4 Nxf3+ 26. Rxf3 Nxf4 27. gxf4 Bf6 28. e4
dxe3 29. Rexe3 Rxe3 30. Nxe3 Bd4 31. Kh1 Re8 32. Nd5 Qd6 33. Rf1 Re6 34. Qd2
Qd8 35. Re1 Qh4 0-1

[Event "Leicester H E Atkins Mem"]
[Site "Leicester"]
[Date "2010.10.03"]
[Round "5"]
[White "Burrows, Martin P"]
[Black "Ganger, Rajan"]
[Result "1-0"]
[WhiteElo "2172"]
[BlackElo "1931"]
[PlyCount "69"]
[EventDate "2010.10.01"]
[EventType "swiss"]
[EventRounds "5"]
[EventCountry "ENG"]
[SourceTitle "BritBase"]
[Source "John Saunders"]
[SourceDate "2016.01.15"]
[SourceVersion "1"]
[SourceVersionDate "2016.01.15"]
[SourceQuality "1"]

1. e4 e5 2. Nf3 Nf6 3. d4 Nxe4 4. Bd3 d5 5. Nxe5 Nd7 6. Nxd7 Bxd7 7. O-O Bd6 8.
c4 Qh4 9. g3 Qh3 10. cxd5 Nf6 11. Re1+ Kf8 12. Bf1 Qf5 13. Bg2 g5 14. Nc3 h5
15. Bd2 Qg6 16. Ne4 Nxe4 17. Bxe4 f5 18. Bg2 g4 19. Qc1 h4 20. gxh4 Rxh4 21.
Bf4 Kf7 22. Re5 Rah8 23. Qe3 Qh5 24. Qg3 Rg8 25. Qd3 Rh3 26. Bxh3 gxh3+ 27. Bg3
Qg4 28. f4 Qxf4 29. Rf1 Bxe5 30. Rxf4 Bxf4 31. Kh1 Bxg3 32. hxg3 Kf6 33. Qe3 c6
34. Qh6+ Rg6 35. Qf8+ 1-0

[Event "Leicester H E Atkins Mem"]
[Site "Leicester"]
[Date "2010.10.03"]
[Round "5"]
[White "Coates, David H"]
[Black "Mercs, Peter J"]
[Result "1/2-1/2"]
[WhiteElo "2068"]
[BlackElo "2082"]
[PlyCount "65"]
[EventDate "2010.10.01"]
[EventType "swiss"]
[EventRounds "5"]
[EventCountry "ENG"]
[SourceTitle "BritBase"]
[Source "John Saunders"]
[SourceDate "2016.01.15"]
[SourceVersion "1"]
[SourceVersionDate "2016.01.15"]
[SourceQuality "1"]

1. d4 Nf6 2. c4 e6 3. Nc3 c5 4. d5 exd5 5. cxd5 d6 6. e4 g6 7. Bd3 Bg7 8. h3
O-O 9. Nf3 a6 10. a4 Nbd7 11. O-O Qc7 12. Bf4 Re8 13. Qd2 Rb8 14. Rfe1 Nh5 15.
Bh2 Ne5 16. Be2 Qe7 17. Rf1 Nxf3+ 18. Bxf3 b5 19. axb5 axb5 20. Rfe1 b4 21. Na4
Bd7 22. e5 Bxa4 23. Rxa4 dxe5 24. d6 Qd7 25. Ra6 Rbc8 26. Rea1 Red8 27. Bd5 Kh8
28. Qe2 Nf4 29. Qc4 Nxd5 30. Qxd5 Qe6 31. Qb7 Qd7 32. Qd5 Qe6 33. Qb7 1/2-1/2

[Event "Leicester H E Atkins Mem"]
[Site "Leicester"]
[Date "2010.10.03"]
[Round "5"]
[White "Kingston, Ian S"]
[Black "Denton, John"]
[Result "1/2-1/2"]
[WhiteElo "1992"]
[BlackElo "2066"]
[PlyCount "65"]
[EventDate "2010.10.01"]
[EventType "swiss"]
[EventRounds "5"]
[EventCountry "ENG"]
[SourceTitle "BritBase"]
[Source "John Saunders"]
[SourceDate "2016.01.15"]
[SourceVersion "1"]
[SourceVersionDate "2016.01.15"]
[SourceQuality "1"]

1. e4 c6 2. d4 d5 3. Nd2 dxe4 4. Nxe4 Nd7 5. Bd3 Ngf6 6. Ng5 e6 7. N1f3 Bd6 8.
Qe2 h6 9. Ne4 Nxe4 10. Bxe4 Qc7 11. c4 Nf6 12. O-O b6 13. Bd2 Nxe4 14. Qxe4 Bb7
15. c5 bxc5 16. dxc5 Bxc5 17. Bc3 O-O 18. Qg4 f5 19. Qc4 Qe7 20. Ne5 Kh7 21.
Rfe1 Rfe8 22. Rad1 Bd6 23. Rd3 c5 24. Rg3 Bd5 25. Qe2 g5 26. Qh5 Bxe5 27. Bxe5
Rg8 28. Rh3 Rg6 29. Rc1 g4 30. Rhc3 c4 31. b3 Qb7 32. Qh4 Rc8 33. Qg3 1/2-1/2

[Event "Leicester H E Atkins Mem"]
[Site "Leicester"]
[Date "2010.10.03"]
[Round "5"]
[White "Maciol, Ryszard"]
[Black "Ali, Golam S"]
[Result "1-0"]
[WhiteElo "2205"]
[BlackElo "1827"]
[PlyCount "71"]
[EventDate "2010.10.01"]
[EventType "swiss"]
[EventRounds "5"]
[EventCountry "ENG"]
[SourceTitle "BritBase"]
[Source "John Saunders"]
[SourceDate "2016.01.15"]
[SourceVersion "1"]
[SourceVersionDate "2016.01.15"]
[SourceQuality "1"]

1. d4 Nf6 2. c4 e6 3. Nc3 d5 4. Bg5 Be7 5. cxd5 exd5 6. e3 c6 7. Bd3 h6 8. Bh4
Nbd7 9. Qc2 O-O 10. Nge2 Re8 11. f3 c5 12. O-O c4 13. Bf5 Nb6 14. Bf2 Bd6 15.
Rae1 a6 16. g4 Nbd7 17. e4 dxe4 18. fxe4 Nxg4 19. Bxg4 Qg5 20. e5 Qxg4+ 21. Ng3
Bb4 22. Re4 Qg6 23. Nd5 Ba5 24. Nf4 Qc6 25. d5 Qb5 26. a4 Qb4 27. e6 fxe6 28.
Nxe6 Nf6 29. Rxc4 Qd6 30. Bc5 Qxd5 31. Nxg7 Bh3 32. Nxe8 Nxe8 33. Rf8+ Kg7 34.
Rd4 Qg5 35. Rdf4 Nd6 36. Bd4+ 1-0

[Event "Leicester H E Atkins Mem"]
[Site "Leicester"]
[Date "2010.10.03"]
[Round "5"]
[White "McNally, Richard J E"]
[Black "Ilett, Raymond J"]
[Result "0-1"]
[WhiteElo "1906"]
[BlackElo "1896"]
[PlyCount "66"]
[EventDate "2010.10.01"]
[EventType "swiss"]
[EventRounds "5"]
[EventCountry "ENG"]
[SourceTitle "BritBase"]
[Source "John Saunders"]
[SourceDate "2016.01.15"]
[SourceVersion "1"]
[SourceVersionDate "2016.01.15"]
[SourceQuality "1"]

1. e4 d5 2. exd5 Nf6 3. Bb5+ Bd7 4. Bc4 Bg4 5. f3 Bc8 6. Nc3 Nbd7 7. Nge2 Nb6
8. d3 Nfxd5 9. Nxd5 Nxd5 10. O-O e6 11. Ng3 Be7 12. f4 O-O 13. Qf3 c6 14. f5
exf5 15. Nxf5 Bxf5 16. Qxf5 Qb6+ 17. Kh1 Rad8 18. Bb3 Rd6 19. Qh3 Qd4 20. Bd2
Bf6 21. c4 Qxb2 22. Ba5 Nf4 23. Qf3 Be5 24. Rad1 b6 25. c5 Rh6 26. Bd2 Rf6 27.
Qe4 Nd5 28. Rxf6 Bxf6 29. cxb6 axb6 30. Qc4 Rc8 31. Qa6 Re8 32. Qb7 Qxd2 33. h3
Re1+ 0-1

[Event "Leicester H E Atkins Mem"]
[Site "Leicester"]
[Date "2010.10.03"]
[Round "5"]
[White "Mladenov, Iliyan D"]
[Black "Robinson, John K"]
[Result "1-0"]
[WhiteElo "2210"]
[BlackElo "2014"]
[PlyCount "87"]
[EventDate "2010.10.01"]
[EventType "swiss"]
[EventRounds "5"]
[EventCountry "ENG"]
[SourceTitle "BritBase"]
[Source "John Saunders"]
[SourceDate "2016.01.15"]
[SourceVersion "1"]
[SourceVersionDate "2016.01.15"]
[SourceQuality "1"]

1. d4 Nf6 2. c4 c5 3. Nf3 cxd4 4. Nxd4 e5 5. Nf3 e4 6. Nd4 Nc6 7. Nc3 a6 8. e3
Bb4 9. Be2 d5 10. O-O Bxc3 11. bxc3 O-O 12. Ba3 Re8 13. Nxc6 bxc6 14. Qa4 Qc7
15. h3 a5 16. cxd5 cxd5 17. c4 Bd7 18. Qc2 dxc4 19. Qxc4 Qxc4 20. Bxc4 Be6 21.
Bxe6 Rxe6 22. Rac1 h6 23. Rfd1 Ra7 24. Rc4 Kh7 25. Rdd4 Rb6 26. Rc1 Rab7 27.
Kh2 Kg6 28. Ra4 Rb5 29. Rc5 Rxc5 30. Bxc5 Rb2 31. Rxa5 Rxf2 32. Bd4 Re2 33. a4
Ra2 34. Ra6 Kf5 35. Ra8 h5 36. a5 h4 37. a6 Nh7 38. a7 Ng5 39. Kg1 Ne6 40. Bb6
Ra1+ 41. Kf2 Ra2+ 42. Ke1 Rxg2 43. Rc8 Ng5 44. Rc5+ 1-0

[Event "Leicester H E Atkins Mem"]
[Site "Leicester"]
[Date "2010.10.03"]
[Round "5"]
[White "Murphy, Hugh W"]
[Black "Hebden, Mark L"]
[Result "0-1"]
[WhiteElo "2194"]
[BlackElo "2556"]
[PlyCount "46"]
[EventDate "2010.10.01"]
[EventType "swiss"]
[EventRounds "5"]
[EventCountry "ENG"]
[SourceTitle "BritBase"]
[Source "John Saunders"]
[SourceDate "2016.01.15"]
[SourceVersion "1"]
[SourceVersionDate "2016.01.15"]
[SourceQuality "1"]

1. e4 e5 2. f4 exf4 3. Nf3 Be7 4. Bc4 Nf6 5. Nc3 O-O 6. d3 c6 7. e5 Ng4 8. Bxf4
d6 9. Qd2 dxe5 10. Nxe5 Bh4+ 11. g3 Nxe5 12. Bxe5 Nd7 13. Bf4 Bf6 14. O-O b5
15. Bb3 Nc5 16. Be3 Nxb3 17. axb3 Bh3 18. Rf2 Re8 19. Ne4 Bxb2 20. Rxa7 Rxa7
21. Bxa7 f5 22. Nc3 Qa5 23. Re2 Qxa7+ 0-1

[Event "Leicester H E Atkins Mem"]
[Site "Leicester"]
[Date "2010.10.03"]
[Round "5"]
[White "Ropp, Wiatt"]
[Black "Russell, Harry"]
[Result "1-0"]
[WhiteElo "1930"]
[BlackElo "2130"]
[PlyCount "175"]
[EventDate "2010.10.01"]
[EventType "swiss"]
[EventRounds "5"]
[EventCountry "ENG"]
[SourceTitle "BritBase"]
[Source "John Saunders"]
[SourceDate "2016.01.15"]
[SourceVersion "1"]
[SourceVersionDate "2016.01.15"]
[SourceQuality "1"]

1. g3 d5 2. Bg2 Nf6 3. Nf3 g6 4. O-O Bg7 5. d3 O-O 6. Nbd2 Nbd7 7. e4 e5 8. Qe2
dxe4 9. dxe4 c6 10. Rd1 Qc7 11. b3 b5 12. Bb2 a5 13. a4 Ba6 14. Qe1 Rfe8 15.
Bf1 Bf8 16. Qe3 Bc5 17. Qg5 Kg7 18. Nh4 Qb6 19. Bh3 Bxf2+ 20. Kg2 Kh8 21. Bxd7
Nxd7 22. Nc4 Qd8 23. Nxe5 Qxg5 24. Nxf7+ Kg8 25. Nxg5 Be3 26. Nxh7 Bc8 27. Rxd7
Bxd7 28. Nf6+ Kf7 29. Nxe8 Bxe8 30. Rf1+ Ke7 31. Rf6 bxa4 32. bxa4 Bg5 33.
Nxg6+ Kd8 34. Rd6+ Kc8 35. h4 Be3 36. h5 Bc5 37. Rf6 Rb8 38. Bc3 Rb1 39. h6
Rg1+ 40. Kh2 Rc1 41. Be5 Rxc2+ 42. Kh3 Bd7+ 43. Kh4 Rh2+ 44. Kg5 Rh3 45. Nh4
Be3+ 46. Kg6 Bxh6 47. Kxh6 c5 48. Kg5 Bxa4 49. Ra6 Bc2 50. Rxa5 Bxe4 51. Rxc5+
Kd8 52. Rc7 Rh1 53. Rf7 Re1 54. Rf4 Re3 55. g4 Bd3 56. Bf6+ Ke8 57. Nf5 Re1 58.
Kg6 Rc1 59. Kg7 Rc7+ 60. Ne7 Rc4 61. Rxc4 Bxc4 62. g5 Bd3 63. g6 Bxg6 64. Kxg6
Kd7 65. Kf5 Kd6 66. Ke4 Ke6 67. Bh4 Kd6 68. Nf5+ Kc5 69. Bf2+ Kc4 70. Nd6+ Kc3
71. Be1+ Kc2 72. Ke3 Kd1 73. Ba5 Kc2 74. Ke2 Kb3 75. Kd3 Ka4 76. Be1 Kb3 77.
Bc3 Ka4 78. Kc4 Ka3 79. Nb5+ Ka4 80. Nd4 Ka3 81. Kb5 Ka2 82. Kb4 Kb1 83. Bd2
Kb2 84. Be3 Ka2 85. Bc1 Kb1 86. Ba3 Ka2 87. Nb5 Kb1 88. Kb3 1-0

[Event "Leicester H E Atkins Mem"]
[Site "Leicester"]
[Date "2010.10.03"]
[Round "5"]
[White "Shamash, Michelle"]
[Black "Soszynski, Marek"]
[Result "1/2-1/2"]
[WhiteElo "1740"]
[BlackElo "1986"]
[PlyCount "64"]
[EventDate "2010.10.01"]
[EventType "swiss"]
[EventRounds "5"]
[EventCountry "ENG"]
[SourceTitle "BritBase"]
[Source "John Saunders"]
[SourceDate "2016.01.15"]
[SourceVersion "1"]
[SourceVersionDate "2016.01.15"]
[SourceQuality "1"]

1. d4 g6 2. c4 Bg7 3. Nc3 d6 4. g3 Nd7 5. Nf3 Ngf6 6. Bg2 O-O 7. O-O c5 8. e3
Rb8 9. a4 Nb6 10. b3 Bg4 11. h3 Bf5 12. a5 Na8 13. g4 Bd7 14. Qc2 Nc7 15. dxc5
dxc5 16. Ba3 Na6 17. Ne5 Qc8 18. Nxd7 Nxd7 19. Nd5 Qe8 20. Bb2 Ne5 21. f4 Nc6
22. Bxg7 Kxg7 23. f5 g5 24. f6+ exf6 25. Qf2 Qe6 26. Nxf6 Nab4 27. Bd5 Qe7 28.
Be4 h6 29. Qf5 Rh8 30. Rad1 Rbd8 31. Rxd8 Nxd8 32. Nh5+ Kg8 1/2-1/2

[Event "Leicester H E Atkins Mem"]
[Site "Leicester"]
[Date "2010.10.03"]
[Round "5"]
[White "Sygnowski, Tomasz"]
[Black "Webster, Richard J"]
[Result "0-1"]
[WhiteElo "2060"]
[BlackElo "1956"]
[PlyCount "120"]
[EventDate "2010.10.01"]
[EventType "swiss"]
[EventRounds "5"]
[EventCountry "ENG"]
[SourceTitle "BritBase"]
[Source "John Saunders"]
[SourceDate "2016.01.15"]
[SourceVersion "1"]
[SourceVersionDate "2016.01.15"]
[SourceQuality "1"]

1. e4 e6 2. d4 d5 3. exd5 exd5 4. Bd3 Bd6 5. Nf3 Ne7 6. O-O Bf5 7. Bxf5 Nxf5 8.
Qd3 Qc8 9. Re1+ Ne7 10. Nc3 c6 11. Ne2 O-O 12. Ng3 Nd7 13. Nh5 Re8 14. Bd2 Qc7
15. Ng5 Nf8 16. Qh3 Qd7 17. g4 Neg6 18. f4 Rxe1+ 19. Rxe1 Re8 20. Rxe8 Qxe8 21.
f5 Qe2 22. fxg6 fxg6 23. Bf4 Qd1+ 24. Qf1 Qxg4+ 25. Kh1 Bxf4 26. Qxf4 Qd1+ 27.
Kg2 Qe2+ 28. Kh3 Qe7 29. Ng3 h6 30. Nf3 g5 31. Qe5 Ne6 32. Nf5 Qf7 33. Kg3 Kh7
34. h3 Nf4 35. Nh2 Nh5+ 36. Kg2 Nf4+ 37. Kg3 Nh5+ 38. Kg2 Nf4+ 39. Kh1 Nxh3 40.
Nd6 Qh5 41. Qf5+ Kg8 42. Qf3 g4 43. Qg3 Qg5 44. Nf1 Qc1 45. Qg2 Nf4 46. Qg1 Nh3
47. Qg2 Qxb2 48. Nf5 Qc1 49. Qe2 Nf4 50. Qf2 h5 51. Kh2 g6 52. N5e3 g5 53. Ng2
h4 54. Kh1 Nh5 55. Nge3 Ng3+ 56. Kg2 Ne4 57. Qf5 g3 58. Qg6+ Kf8 59. Nf5 Qxc2+
60. Kh1 g2+ 0-1

[Event "Leicester H E Atkins Mem"]
[Site "Leicester"]
[Date "2010.10.03"]
[Round "5"]
[White "Thompson, Ian D"]
[Black "Reynolds, D Ian W"]
[Result "1-0"]
[WhiteElo "2268"]
[BlackElo "2051"]
[PlyCount "117"]
[EventDate "2010.10.01"]
[EventType "swiss"]
[EventRounds "5"]
[EventCountry "ENG"]
[SourceTitle "BritBase"]
[Source "John Saunders"]
[SourceDate "2016.01.15"]
[SourceVersion "1"]
[SourceVersionDate "2016.01.15"]
[SourceQuality "1"]

1. c4 Nf6 2. Nc3 e5 3. g3 d5 4. cxd5 Nxd5 5. Bg2 Nb6 6. Nf3 Nc6 7. O-O Be7 8.
b3 O-O 9. Bb2 Be6 10. Rc1 f6 11. Ne4 Qd7 12. d4 exd4 13. Nxd4 Nxd4 14. Qxd4
Qxd4 15. Bxd4 c6 16. Bc5 Rfe8 17. Bxe7 Rxe7 18. Nc5 Rd8 19. Rfd1 Rxd1+ 20. Rxd1
Nd5 21. Nxe6 Rxe6 22. Bxd5 cxd5 23. Kf1 Rd6 24. e3 Kf7 25. Ke2 Ke6 26. Kd3 Ra6
27. Rd2 Rc6 28. h4 h5 29. Kd4 b6 30. Kd3 Ke5 31. Rd1 Rc5 32. f3 f5 33. Rg1 Rc6
34. g4 Rg6 35. f4+ Kd6 36. g5 Kc5 37. a3 a5 38. Rc1+ Kd6 39. b4 axb4 40. axb4
Re6 41. b5 Kd7 42. Ra1 Kd6 43. Ra7 Re7 44. Ra8 Kc5 45. Rf8 g6 46. Rf6 Rg7 47.
Re6 Rg8 48. Re7 Kd6 49. Rb7 Kc5 50. Rd7 Re8 51. Rf7 Rg8 52. Rc7+ Kxb5 53. Kd4
Re8 54. Rg7 Re4+ 55. Kxd5 Rxe3 56. Rxg6 Re4 57. Rh6 Rxf4 58. Rxh5 Rf1 59. g6
1-0

[Event "Leicester H E Atkins Mem"]
[Site "Leicester"]
[Date "2010.10.03"]
[Round "5"]
[White "Vikas R Sharma"]
[Black "Bowmer, Kevin"]
[Result "1-0"]
[WhiteElo "2075"]
[BlackElo "2122"]
[PlyCount "69"]
[EventDate "2010.10.01"]
[EventType "swiss"]
[EventRounds "5"]
[EventCountry "ENG"]
[SourceTitle "BritBase"]
[Source "John Saunders"]
[SourceDate "2016.01.15"]
[SourceVersion "1"]
[SourceVersionDate "2016.01.15"]
[SourceQuality "1"]

1. e4 c5 2. Nf3 d6 3. c3 Nf6 4. h3 g6 5. Bd3 Bg7 6. O-O O-O 7. Bc2 b6 8. d4 Bb7
9. Re1 e6 10. Bg5 h6 11. Bf4 Nc6 12. Na3 cxd4 13. cxd4 e5 14. Bh2 Nxd4 15. Nxd4
exd4 16. Nb5 d5 17. e5 Ne4 18. Nxd4 a6 19. f3 Nc5 20. b4 Ne6 21. Nxe6 fxe6 22.
Bxg6 Qg5 23. Bc2 Rac8 24. f4 Qe7 25. Qd3 Rfd8 26. Qg6 Rc6 27. a3 Rdc8 28. Bd1
d4 29. Bb3 Kh8 30. Rad1 Qd7 31. Rd3 Rc1 32. Red1 Rxd1+ 33. Rxd1 Rc6 34. Qd3 Rc3
35. Qxc3 1-0